[Event "?"]
[Site "?"]
[Date "2021.09.13"]
[Round "3"]
[White "Макаренко, Кирилл."]
[Black "Бардык, Артем."]
[Result "0-1"]
[WhiteElo "1821"]
[BlackElo "1924"]
[PlyCount "80"]

1. d4 d5 2. c4 dxc4 3. Nc3 a6 4. a4 Nc6 5. e3 e5 6. d5 Na5 7. Nf3 Nb3 8. Ra2
Nxc1 9. Qxc1 Bd6 10. e4 Ne7 11. Bxc4 O-O 12. O-O Qe8 13. Bd3 Kh8 14. Ne2 Bg4
15. Nd2 c6 16. Nc4 Rd8 17. Nxd6 Rxd6 18. f3 Bc8 19. Qc3 cxd5 20. Qxe5 Qd8 21.
Raa1 dxe4 22. Bc4 exf3 23. Rxf3 Be6 24. b3 Bxc4 25. bxc4 Re6 26. Qb2 Rxe2 27.
Qxe2 Qd4+ 28. Qe3 Qxa1+ 29. Rf1 Nf5 30. Qg5 Qd4+ 31. Kh1 Ne3 32. Qe7 Kg8 33.
Re1 Ng4 34. h3 Nf2+ 35. Kh2 Qxc4 36. Qxb7 Qf4+ 37. Kg1 Qg3 38. Kf1 Nd3 39. Re2
Qf4+ 40. Kg1 Qxa4 0-1

[Event "?"]
[Site "?"]
[Date "2021.09.13"]
[Round "3"]
[White "Афинеевский, Илья."]
[Black "Силенко, Алексей."]
[Result "0-1"]
[WhiteElo "1643"]
[BlackElo "1729"]
[PlyCount "120"]

1. d4 Nf6 2. Bg5 Ne4 3. Bf4 d5 4. e3 Bf5 5. Bd3 Bg6 6. Nf3 e6 7. O-O Bd6 8. Ne5
Nc6 9. Nd2 Bxe5 10. dxe5 Nxd2 11. Qxd2 Bxd3 12. Qxd3 g5 13. Bg3 h5 14. f4 h4
15. Be1 gxf4 16. exf4 Qd7 17. b4 O-O-O 18. a4 d4 19. b5 Ne7 20. a5 Qd5 21. b6
a6 22. bxc7 Rdg8 23. Qf3 Kxc7 24. Bb4 Qxf3 25. Bd6+ Kd7 26. Rxf3 Nf5 27. Rb1
Kc8 28. Rfb3 b5 29. axb6 Kb7 30. Rd3 Rg4 31. Rf1 Rhg8 32. Rf2 Kxb6 33. c3 Ne3
34. Bc5+ Kb5 35. cxd4 Rxg2+ 36. Rxg2 Rxg2+ 37. Kh1 Re2 38. Kg1 h3 39. Ba7 Kc4
40. Ra3 Kd5 41. Rxa6 Rg2+ 42. Kh1 Ng4 43. Ra5+ Ke4 44. d5 Rxh2+ 45. Kg1 Rg2+
46. Kh1 exd5 47. Ra4+ Kf5 48. Ra3 Nf2+ 49. Bxf2 Rxf2 50. Rxh3 Rxf4 51. Re3 d4
52. Re1 d3 53. Kg2 d2 54. Rd1 Rd4 55. Kf3 Kxe5 56. Ke3 f5 57. Rxd2 Rxd2 58.
Kxd2 Kf4 59. Ke2 Kg3 60. Kf1 f4 0-1

[Event "?"]
[Site "?"]
[Date "2021.09.14"]
[Round "4"]
[White "Козионов, Кирилл."]
[Black "Дудин, Глеб."]
[Result "1/2-1/2"]
[WhiteElo "2438"]
[BlackElo "2428"]
[PlyCount "117"]

1. c4 e6 2. g3 d5 3. Bg2 Nf6 4. Nf3 dxc4 5. Qa4+ Nbd7 6. Qxc4 a6 7. Qb3 c5 8.
a4 Qc7 9. a5 c4 10. Qa4 Nd5 11. O-O Be7 12. Na3 b5 13. axb6 N5xb6 14. Qc2 Bb7
15. b3 Rc8 16. Nxc4 Nxc4 17. bxc4 Qxc4 18. Qxc4 Rxc4 19. Ne5 Rc7 20. Bxb7 Rxb7
21. Nxd7 Kxd7 22. Rxa6 Rc8 23. Ra2 Bf6 24. d3 Rbc7 25. Bb2 Bxb2 26. Rxb2 Rc2
27. Rfb1 Ke7 28. Kg2 h5 29. h4 g6 30. Kf3 Kf6 31. Rxc2 Rxc2 32. Ke3 Ra2 33. Rd1
Ra4 34. Kf3 Ra2 35. Rb1 Rc2 36. Ra1 Rb2 37. Ra7 Rc2 38. d4 Rb2 39. e4 Rb3+ 40.
Kf4 Rb4 41. Rd7 Ra4 42. f3 Kg7 43. g4 hxg4 44. fxg4 Ra1 45. d5 exd5 46. exd5
Rh1 47. Kg5 Rd1 48. d6 Rd4 49. h5 Rd5+ 50. Kh4 gxh5 51. gxh5 Kh6 52. Kg4 f5+
53. Kf4 Kxh5 54. Rd8 Kg6 55. d7 Kf7 56. Rh8 Rxd7 57. Rh7+ Ke6 58. Rxd7 Kxd7 59.
Kxf5 1/2-1/2

[Event "?"]
[Site "?"]
[Date "2021.09.14"]
[Round "4"]
[White "Клo^кин, Кирилл."]
[Black "Двалишвили, Павел."]
[Result "1/2-1/2"]
[WhiteElo "2366"]
[BlackElo "2400"]
[PlyCount "42"]

1. d4 d6 2. Nf3 Bg4 3. e4 Nd7 4. Bc4 e6 5. O-O Ngf6 6. Re1 Nb6 7. Bb3 d5 8.
exd5 Nbxd5 9. Qd3 c6 10. Ne5 Bh5 11. Qh3 Nc7 12. g4 Bg6 13. Nxg6 fxg6 14. g5
Nfd5 15. Nc3 Be7 16. Nxd5 exd5 17. Qe3 Qd7 18. Bd2 O-O 19. Qxe7 Qg4+ 20. Kf1
Qh3+ 21. Kg1 Qg4+ 1/2-1/2

[Event "?"]
[Site "?"]
[Date "2021.09.14"]
[Round "4"]
[White "Садовский, Артем."]
[Black "Смирнов, Тимофей."]
[Result "1/2-1/2"]
[WhiteElo "2215"]
[BlackElo "2410"]
[PlyCount "46"]

1. Nf3 d5 2. e3 c6 3. c4 Bg4 4. Qb3 Qc7 5. Ne5 Be6 6. d4 Nd7 7. Nxd7 Qxd7 8.
Nc3 dxc4 9. Bxc4 Bxc4 10. Qxc4 Rd8 11. O-O e6 12. Rd1 Nf6 13. e4 Be7 14. Bf4
O-O 15. Rac1 Rc8 16. Qe2 Rfd8 17. h3 Qe8 18. Be5 Nd7 19. Bg3 Bf8 20. Bh4 Be7
21. Bg3 Bf8 22. Bh4 Be7 23. Bg3 Bf8 1/2-1/2

[Event "?"]
[Site "?"]
[Date "2021.09.14"]
[Round "4"]
[White "Губайдуллин, Алексей."]
[Black "Елецкий, Иван."]
[Result "0-1"]
[WhiteElo "2298"]
[BlackElo "2469"]
[PlyCount "80"]

1. d4 Nf6 2. Nf3 d5 3. Bf4 e6 4. e3 Bd6 5. Bg3 O-O 6. Nbd2 b6 7. Ne5 c5 8. c3
Qc7 9. Bd3 Ba6 10. Bb1 Nc6 11. f4 cxd4 12. exd4 Rac8 13. Qa4 Qb7 14. Bh4 Nh5
15. g3 g6 16. Bd3 b5 17. Qd1 b4 18. Nb3 bxc3 19. bxc3 Bxd3 20. Qxd3 Nxe5 21.
fxe5 Rxc3 22. Qe2 Be7 23. Bxe7 Qxe7 24. Qd2 Rfc8 25. Nc5 R8xc5 26. dxc5 Qxc5
27. Rf1 Rc2 28. Qd3 Qb4+ 29. Kd1 Rc3 30. Qd2 Qa4+ 31. Ke1 Qe4+ 32. Kf2 Rc2 33.
Qxc2 Qxc2+ 34. Kg1 Qb2 35. Rae1 Ng7 36. Rf2 Qd4 37. Rc1 Nf5 38. Rc8+ Kg7 39.
Rc7 h5 40. a4 Qxa4 0-1

[Event "?"]
[Site "?"]
[Date "2021.09.14"]
[Round "4"]
[White "Быков, Егор."]
[Black "Ростовцев, Дмитрий."]
[Result "1/2-1/2"]
[WhiteElo "2373"]
[BlackElo "2124"]
[PlyCount "113"]

1. d4 Nf6 2. Nf3 g6 3. g3 Bg7 4. Bg2 O-O 5. O-O d6 6. b3 Nc6 7. Bb2 Bf5 8. Nbd2
Ne4 9. Nh4 Nxd2 10. Qxd2 Bd7 11. c4 e5 12. d5 Ne7 13. f4 exf4 14. Bxg7 Kxg7 15.
Qxf4 f6 16. Nf3 Nf5 17. e4 Nh6 18. c5 Nf7 19. Rac1 Re8 20. Rc3 Ne5 21. Nxe5
Rxe5 22. Rcf3 Qe7 23. Qxf6+ Qxf6 24. Rxf6 Bf5 25. cxd6 Kxf6 26. dxc7 Ke7 27.
exf5 Kd6 28. fxg6 hxg6 29. Rf6+ Kxc7 30. d6+ Kb6 31. Rxg6 Re1+ 32. Kf2 Ra1 33.
g4 Rxa2+ 34. Kg3 Rb2 35. Bd5 Kc5 36. Bf7 Rd8 37. h4 Rxd6 38. h5 Rd3+ 39. Kh4
Rf3 40. Bg8 b5 41. Kg5 a5 42. h6 Rh2 43. Ra6 Rfh3 44. Bf7 Kb4 45. Bh5 Rd2 46.
h7 Rd8 47. Kh6 Rxb3 48. Kg7 a4 49. g5 Rg3 50. g6 a3 51. Kh6 Rd5 52. Be2 Rh3+
53. Kg7 Rd7+ 54. Kg8 Rd8+ 55. Kf7 Rd7+ 56. Kg8 Rd8+ 57. Kf7 1/2-1/2

[Event "?"]
[Site "?"]
[Date "2021.09.14"]
[Round "4"]
[White "Тер-Саакян, Григорий."]
[Black "Погосян, Стефан."]
[Result "1-0"]
[WhiteElo "2191"]
[BlackElo "2400"]
[PlyCount "81"]

1. d4 Nf6 2. c4 e6 3. Nf3 d5 4. Nc3 Bb4 5. Qb3 c5 6. dxc5 Nc6 7. Bg5 Qa5 8.
Bxf6 dxc4 9. Qxc4 gxf6 10. Rc1 Bxc5 11. e3 Bd7 12. Be2 O-O 13. O-O Be7 14. Qh4
Kg7 15. Rfd1 Rad8 16. Ne4 f5 17. Neg5 h6 18. Qg3 hxg5 19. Nxg5 Ne5 20. Nxe6+
Kf6 21. Nxf8 Bxf8 22. Qh4+ Kg7 23. Qg3+ Kf6 24. f4 Ng6 25. h4 Ke7 26. h5 Nh8
27. Bc4 Qb6 28. Rd5 Be6 29. Re5 Rc8 30. Kh2 Rc6 31. Qg8 f6 32. Rxe6+ Rxe6 33.
Bxe6 Qxe3 34. Rf1 Bh6 35. Qh7+ Kxe6 36. Qxh6 Qe2 37. Rf3 Nf7 38. Qf8 Nd6 39.
Qg8+ Ke7 40. h6 Qe1 41. Qg3 1-0

[Event "?"]
[Site "?"]
[Date "2021.09.14"]
[Round "4"]
[White "Галактионов, Артем."]
[Black "Петрова, Елизавета."]
[Result "1-0"]
[WhiteElo "2371"]
[BlackElo "1835"]
[PlyCount "119"]

1. d4 Nf6 2. Nf3 e6 3. c4 Bb4+ 4. Nbd2 c5 5. a3 Bxd2+ 6. Qxd2 cxd4 7. Nxd4 O-O
8. b4 d5 9. c5 e5 10. Nf3 Ne4 11. Qc2 Nxf2 12. Kxf2 e4 13. Bg5 f6 14. Bf4 exf3
15. exf3 Nc6 16. Bd3 h6 17. Bd6 Re8 18. Bg6 Re6 19. Rhe1 Ne5 20. Bf5 Re8 21.
Bh7+ Kh8 22. f4 Ng4+ 23. Kg1 f5 24. Bg6 Re4 25. Rxe4 fxe4 26. Qb2 Be6 27. h3
Qf6 28. Qxf6 Nxf6 29. g4 Kg8 30. Rd1 Bf7 31. Bxf7+ Kxf7 32. g5 hxg5 33. fxg5
Nd7 34. Rxd5 Ke6 35. Rd4 Kf5 36. Bg3 Nf8 37. Rd5+ Kg6 38. h4 Re8 39. Kf2 Kh5
40. b5 Kg4 41. Re5 Rd8 42. Rxe4+ Kf5 43. Rc4 Ne6 44. c6 bxc6 45. bxc6 Rc8 46.
c7 Nf8 47. Ra4 Ke6 48. Rxa7 Kd7 49. Rb7 Ne6 50. Rb8 g6 51. a4 Nc5 52. a5 Na6
53. Rxc8 Kxc8 54. h5 gxh5 55. g6 h4 56. Be5 h3 57. g7 h2 58. g8=Q+ Kb7 59.
c8=Q+ Ka7 60. Qa8# 1-0

[Event "?"]
[Site "?"]
[Date "2021.09.14"]
[Round "4"]
[White "Гейвондян, Арман."]
[Black "Федосов, Александр."]
[Result "1-0"]
[WhiteElo "2363"]
[BlackElo "1834"]
[PlyCount "57"]

1. d4 Nf6 2. Nf3 g6 3. Bg5 Ne4 4. Bh4 Bg7 5. e3 O-O 6. Nbd2 d5 7. Nxe4 dxe4 8.
Nd2 c5 9. c3 cxd4 10. cxd4 f5 11. Bc4+ Kh8 12. Bg5 Nd7 13. f3 Nb6 14. Bb3 h6
15. h4 Qd6 16. Bf4 e5 17. dxe5 Bxe5 18. Bxe5+ Qxe5 19. O-O Qxb2 20. fxe4 Rd8
21. Rf2 fxe4 22. Rc1 Bf5 23. h5 Rac8 24. Rxc8 Nxc8 25. g4 Bd7 26. Nxe4 Qe5 27.
hxg6 Ne7 28. Qd6 Qg7 29. Rf7 1-0

[Event "?"]
[Site "?"]
[Date "2021.09.14"]
[Round "4"]
[White "Усов, Дмирий."]
[Black "Худяков, Станислав."]
[Result "0-1"]
[WhiteElo "1828"]
[BlackElo "2284"]
[PlyCount "54"]

1. e4 c5 2. Nf3 Nc6 3. Bb5 g6 4. Bxc6 dxc6 5. d3 Qc7 6. h3 e5 7. O-O f6 8. Be3
Be6 9. Nh2 Bd6 10. Qd2 g5 11. a3 Rd8 12. b4 c4 13. Rd1 cxd3 14. Qxd3 Ne7 15.
Qe2 Ng6 16. Ng4 Qg7 17. Bc5 Nf4 18. Qe3 Bc7 19. Rxd8+ Bxd8 20. Bxa7 Bxg4 21.
hxg4 h5 22. g3 hxg4 23. gxf4 Qh6 24. Kf1 gxf4 25. Qd2 Qh1+ 26. Ke2 Qf3+ 27. Kf1
Rh1# 0-1

[Event "?"]
[Site "?"]
[Date "2021.09.14"]
[Round "4"]
[White "Крылов, Алексей."]
[Black "Кокодеев, Илья."]
[Result "1-0"]
[WhiteElo "2065"]
[BlackElo "1739"]
[PlyCount "85"]

1. d4 Nf6 2. c4 g6 3. Nc3 d5 4. cxd5 Nxd5 5. Bd2 Bg7 6. Nf3 b6 7. Qa4+ Bd7 8.
Qa3 Bc6 9. g3 O-O 10. Bg2 a5 11. O-O Qd6 12. Qb3 e6 13. Rac1 Rd8 14. Rfd1 Nb4
15. a3 Nd5 16. Nb5 Qd7 17. a4 Na6 18. Bg5 f6 19. Bd2 Nab4 20. Qc4 Bxb5 21. axb5
Rdc8 22. e4 Ne7 23. Bh3 f5 24. Bxb4 axb4 25. Ng5 Nd5 26. exd5 exd5 27. Qc6 Qxc6
28. Rxc6 Bf8 29. Bg2 Bd6 30. Bxd5+ Kg7 31. Ne6+ Kh8 32. Nxc7 Bxc7 33. Rxc7 Rxc7
34. Bxa8 Ra7 35. Bc6 b3 36. d5 Ra2 37. d6 Rxb2 38. d7 Re2 39. d8=Q+ Kg7 40.
Qd4+ Kf8 41. Qf6+ Kg8 42. Bd5+ Re6 43. Bxe6# 1-0

[Event "?"]
[Site "?"]
[Date "2021.09.14"]
[Round "4"]
[White "Фролов, Максим."]
[Black "Арбузов, Михаил."]
[Result "0-1"]
[WhiteElo "1701"]
[BlackElo "2183"]
[PlyCount "66"]

1. d4 Nf6 2. Nf3 g6 3. b3 d5 4. e3 Bg7 5. Bb2 O-O 6. Bd3 Bf5 7. Ne5 Bxd3 8.
Qxd3 Nbd7 9. f4 Nxe5 10. dxe5 Ne4 11. Nc3 Nxc3 12. Bxc3 e6 13. O-O-O c5 14. Bb2
Qa5 15. Kb1 b5 16. Qd2 b4 17. c3 bxc3 18. Qxc3 Qb5 19. Rc1 Rfc8 20. Ba3 a5 21.
Ka1 Bf8 22. Rc2 a4 23. Rb1 axb3 24. Rxb3 Qa4 25. Bc1 c4 26. Rb1 Rc7 27. Bd2
Rca7 28. Rbb2 Ba3 29. Rb1 Bc5 30. Rbb2 Qd7 31. Bc1 Ra3 32. Qe1 Qa7 33. Re2 d4
0-1

[Event "?"]
[Site "?"]
[Date "2021.09.14"]
[Round "4"]
[White "Усков, Артем."]
[Black "Ахмедов, Давид."]
[Result "1-0"]
[WhiteElo "2100"]
[BlackElo "2041"]
[PlyCount "167"]

1. e4 c5 2. Nf3 e6 3. d4 cxd4 4. Nxd4 Nf6 5. Nc3 Nc6 6. Ndb5 d6 7. Bf4 e5 8.
Bg5 a6 9. Na3 b5 10. Bxf6 gxf6 11. Nd5 f5 12. c3 Bg7 13. Bd3 Be6 14. O-O O-O
15. Nc2 Rb8 16. Ncb4 Nxb4 17. Nxb4 fxe4 18. Bxe4 Rb6 19. Qd3 h6 20. Rfd1 Qd7
21. Nc2 Bc4 22. Qd2 d5 23. b3 Qc8 24. Bxd5 Bxd5 25. Qxd5 Rc6 26. Ne3 Rxc3 27.
Qd2 Qc5 28. b4 Qd4 29. Qe1 Rd3 30. Rxd3 Qxd3 31. Rd1 Qe4 32. Qd2 f5 33. h3 f4
34. Qd5+ Qxd5 35. Nxd5 Kf7 36. Nc7 Rc8 37. Rd7+ Kg6 38. f3 Bf6 39. Kf1 Bd8 40.
Nxa6 Rc1+ 41. Ke2 Bh4 42. Rd6+ Kf5 43. Rd1 Rc3 44. Rd3 Rc1 45. Rd1 Rc3 46. Nc5
Be7 47. Nd3 Ra3 48. Rd2 Ra4 49. Rb2 e4 50. fxe4+ Kxe4 51. Nc5+ Bxc5 52. bxc5
Rc4 53. c6 Rxc6 54. Rb4+ Ke5 55. Rxb5+ Ke4 56. Rb4+ Ke5 57. Rb2 Rc3 58. Kf2 Ra3
59. Kg1 h5 60. Rb5+ Ke4 61. Rxh5 Rxa2 62. Rh8 Ra1+ 63. Kh2 Rf1 64. h4 Kf5 65.
Rg8 Kf6 66. Kh3 Kf7 67. Rg5 Rf2 68. h5 Rf1 69. Rf5+ Kg7 70. g3 Kh6 71. Kg4 Rg1
72. Rxf4 Ra1 73. Rf6+ Kg7 74. Rb6 Ra4+ 75. Kg5 Ra5+ 76. Kh4 Rc5 77. g4 Ra5 78.
Rc6 Kh7 79. Rf6 Ra1 80. Kg5 Kg7 81. h6+ Kg8 82. Kg6 Ra7 83. h7+ Rxh7 84. Rf8+
1-0

[Event "?"]
[Site "?"]
[Date "2021.09.14"]
[Round "4"]
[White "Амирджанян, Владимир."]
[Black "Титов, Александр."]
[Result "0-1"]
[WhiteElo "2031"]
[BlackElo "2137"]
[PlyCount "68"]

1. d4 Nf6 2. Nf3 e6 3. c4 b6 4. g3 Ba6 5. Qc2 c5 6. Bg2 Bb7 7. O-O Be7 8. d5
exd5 9. Nh4 O-O 10. Nc3 Na6 11. cxd5 d6 12. e4 Nb4 13. Qa4 Nd3 14. Bd2 Re8 15.
Qb5 Nb4 16. a3 Nc2 17. Rac1 Nd4 18. Qa4 Qd7 19. Qxd7 Nxd7 20. Be3 Nb3 21. Rcd1
Ba6 22. Rfe1 Ne5 23. Nf5 Bf8 24. f4 Nd3 25. Re2 g6 26. Nh4 Bg7 27. Rc2 c4 28.
Bf1 f5 29. Bxd3 cxd3 30. Rf2 Bxc3 31. bxc3 Rxe4 32. Ng2 Rc8 33. Bd2 Nxd2 34.
Rfxd2 Rxc3 0-1

[Event "?"]
[Site "?"]
[Date "2021.09.14"]
[Round "4"]
[White "Федоров, Никита."]
[Black "Ба~~алиашвили, Эдуард."]
[Result "1/2-1/2"]
[WhiteElo "2078"]
[BlackElo "1947"]
[PlyCount "93"]

1. b3 Nf6 2. Bb2 e6 3. e3 d5 4. f4 c5 5. Bb5+ Nbd7 6. Nf3 Be7 7. O-O O-O 8.
Bxd7 Nxd7 9. Qe1 Bf6 10. Bxf6 Qxf6 11. Nc3 a6 12. Qg3 Qg6 13. Qxg6 hxg6 14. e4
d4 15. Ne2 b6 16. d3 Bb7 17. a4 a5 18. g4 f6 19. Ng3 Kf7 20. Kf2 Nb8 21. Ke2
Nc6 22. Kd2 Rh8 23. h4 Ke7 24. Rf2 Nd8 25. Rg1 Nf7 26. f5 gxf5 27. gxf5 e5 28.
Rfg2 Rh7 29. Nf1 Rg8 30. Kc1 Nd6 31. N1d2 Bc6 32. Kb2 Be8 33. Nf1 Bc6 34. Ng3
Kf8 35. h5 Nc8 36. Nh2 Be8 37. Ng4 Rgh8 38. Rh1 Ke7 39. Rgh2 Nd6 40. Nf2 Nf7
41. Nh3 Nh6 42. Ng1 Ng4 43. Rh4 Ne3 44. R1h2 Kd8 45. Nf3 Ke7 46. Nd2 Rh6 47.
Kc1 1/2-1/2

[Event "?"]
[Site "?"]
[Date "2021.09.14"]
[Round "4"]
[White "Иванников, Максим."]
[Black "Гоцo^к, Денис."]
[Result "1/2-1/2"]
[WhiteElo "1956"]
[BlackElo "2005"]
[PlyCount "233"]

1. e4 Nf6 2. e5 Nd5 3. d4 d6 4. c4 Nb6 5. exd6 exd6 6. Nc3 Be7 7. Bd3 Be6 8.
Nge2 O-O 9. b3 d5 10. c5 Nc8 11. O-O b6 12. Nf4 bxc5 13. Nxe6 fxe6 14. Qh5 g6
15. Bxg6 hxg6 16. Qxg6+ Kh8 17. Qh6+ Kg8 18. Qg6+ Kh8 19. Qh6+ Kg8 20. Qxe6+
Rf7 21. Bh6 Bf6 22. Nxd5 Nb6 23. Nxf6+ Qxf6 24. Qe8+ Kh7 25. dxc5 Nc6 26. Qe4+
Kxh6 27. cxb6 cxb6 28. Rac1 Rc8 29. Qg4 Rcc7 30. f4 Nd4 31. Rcd1 Nf5 32. Rf3
Kh7 33. Qh3+ Kg8 34. Rfd3 Rf8 35. Qf3 Rh7 36. Rd7 Re7 37. Rxe7 Qxe7 38. Qd5+
Kh8 39. Qe5+ Qxe5 40. fxe5 Ne3 41. Re1 Nd5 42. Rd1 Nc3 43. Rd2 Rf5 44. h3 Rxe5
45. Rd8+ Kg7 46. Rd7+ Kf6 47. Rxa7 Re2 48. Ra6 Nd5 49. a4 Ke5 50. a5 b5 51. Ra7
Rb2 52. Rb7 Rxb3 53. h4 Kf5 54. h5 Kg5 55. a6 Nf4 56. a7 Ra3 57. Rxb5+ Kg4 58.
Rb7 Nxh5 59. Kf2 Nf4 60. Rg7+ Kf5 61. Rf7+ Ke5 62. g3 Nd5 63. Rb7 Nc3 64. g4
Ne4+ 65. Ke2 Kf4 66. Rf7+ Kxg4 67. Kd1 Nd6 68. Rf6 Nb5 69. Kc2 Nxa7 70. Kb2 Re3
71. Kc2 Nb5 72. Kd2 Ra3 73. Rf8 Nd4 74. Rf7 Nf5 75. Rf8 Kf4 76. Ke2 Ke5 77.
Re8+ Kd5 78. Rd8+ Nd6 79. Kf2 Ke5 80. Ke2 Nf7 81. Re8+ Kd5 82. Rf8 Ne5 83. Rd8+
Ke4 84. Kf2 Rf3+ 85. Ke2 Rh3 86. Kf1 Nc6 87. Re8+ Kd3 88. Ke1 Rh2 89. Kf1 Nd4
90. Rf8 Ra2 91. Rf2 Ra1+ 92. Kg2 Ke4 93. Rb2 Ra7 94. Rb8 Ra2+ 95. Kg3 Nf5+ 96.
Kh3 Kf3 97. Rb3+ Ne3 98. Kh4 Rg2 99. Kh5 Kf4 100. Rb4+ Ke5 101. Rb5+ Nd5 102.
Ra5 Ke4 103. Kh6 Ne7 104. Rg5 Rh2+ 105. Kg7 Nf5+ 106. Kf6 Ne3 107. Re5+ Kf4
108. Ra5 Rh6+ 109. Kg7 Rd6 110. Ra1 Kf5 111. Ra7 Nd5 112. Rf7+ Nf6 113. Ra7 Ng4
114. Rf7+ Kg5 115. Ra7 Rg6+ 116. Kf8 Nh6 117. Rg7 1/2-1/2

[Event "?"]
[Site "?"]
[Date "2021.09.14"]
[Round "4"]
[White "Тейитбаев, Актилек."]
[Black "Гильфанов, Марат."]
[Result "1/2-1/2"]
[WhiteElo "2106"]
[BlackElo "1851"]
[PlyCount "128"]

1. d4 Nf6 2. c4 e6 3. Nc3 d5 4. cxd5 exd5 5. Bg5 c6 6. e3 Bf5 7. Qf3 Bg6 8.
Bxf6 Qxf6 9. Qxf6 gxf6 10. Nge2 Bd6 11. g3 Nd7 12. Nf4 b5 13. Rc1 Nb6 14. Be2
a5 15. O-O b4 16. Nd1 Kd7 17. Bg4+ Kc7 18. h4 h6 19. Bf3 Kb7 20. Nxg6 fxg6 21.
e4 Rac8 22. exd5 cxd5 23. Ne3 Rxc1 24. Rxc1 Rd8 25. Nxd5 Nxd5 26. Bxd5+ Kb8 27.
Bf7 g5 28. Rc6 Kb7 29. Bd5 Be7 30. Bg2 Kb8 31. Re6 Rd7 32. Bc6 Rd6 33. Rxe7
Rxc6 34. Rh7 gxh4 35. gxh4 Rc2 36. Rxh6 Rxb2 37. h5 Rxa2 38. Rh8+ Kb7 39. h6
Re2 40. h7 Re7 41. Rb8+ Kxb8 42. h8=Q+ Ka7 43. Qxf6 Rb7 44. Qe5 Ka6 45. Qe6+
Rb6 46. Qc4+ Ka7 47. Qb3 Ka6 48. Kf1 Kb5 49. Ke2 a4 50. Qd5+ Ka6 51. Kd3 b3 52.
Kc4 Ka7 53. Qd7+ Kb8 54. Qe8+ Kb7 55. Qf7+ Ka8 56. Qg8+ Ka7 57. Qh7+ Rb7 58.
Qb1 b2 59. d5 a3 60. d6 Kb8 61. d7 Kc7 62. Qd3 Kd8 63. Qe4 Rc7+ 64. Kb3 b1=Q+
1/2-1/2

[Event "?"]
[Site "?"]
[Date "2021.09.14"]
[Round "4"]
[White "Мирзоян, Самвел."]
[Black "Шведова, Александра."]
[Result "0-1"]
[WhiteElo "1829"]
[BlackElo "2049"]
[PlyCount "142"]

1. e4 e5 2. Nf3 Nc6 3. d4 exd4 4. Nxd4 Bc5 5. Nb3 Bb6 6. Nc3 Nf6 7. Qe2 d6 8.
Be3 Qe7 9. O-O-O Be6 10. Nd5 Bxe3+ 11. Qxe3 Bxd5 12. exd5 Qxe3+ 13. fxe3 Ne5
14. Bb5+ Kf8 15. h3 h5 16. Rhf1 Rh6 17. Rf4 Rg6 18. Rf2 Kg8 19. Bd3 Nxd3+ 20.
Rxd3 Re8 21. c4 Ne4 22. Re2 Rf6 23. Nd4 a6 24. b4 g5 25. Nf3 g4 26. hxg4 hxg4
27. Nd2 Ng3 28. Re1 Rf2 29. Rd4 f5 30. Kd1 Rxg2 31. Rf4 Kg7 32. e4 Nxe4 33.
Nxe4 fxe4 34. Rexe4 Rxe4 35. Rxe4 Kf6 36. Ke1 Rxa2 37. Rxg4 Ra4 38. Kd2 Rxb4
39. Kc3 Rb1 40. Rg8 b5 41. cxb5 Rxb5 42. Kd4 Ke7 43. Ra8 Ra5 44. Kc4 Ra1 45.
Kb4 Kd7 46. Kc4 Ra4+ 47. Kc3 a5 48. Kb3 Rb4+ 49. Kc3 Rb5 50. Kc4 Rc5+ 51. Kd4
Ke7 52. Ra6 Kf6 53. Ra8 Kf5 54. Rf8+ Kg4 55. Rg8+ Kf3 56. Re8 Kf2 57. Ra8 Ke2
58. Ra7 Kd2 59. Rb7 Kc2 60. Ra7 Kb3 61. Rb7+ Ka3 62. Ra7 a4 63. Ra8 Kb3 64.
Rb8+ Ka2 65. Ra8 a3 66. Rb8 Ka1 67. Rb3 a2 68. Rb8 Rc1 69. Kd3 Rb1 70. Ra8 Kb2
71. Rb8+ Kc1 0-1

[Event "?"]
[Site "?"]
[Date "2021.09.14"]
[Round "4"]
[White "Луполов, Борис."]
[Black "Пани~~кин, Алексей."]
[Result "1-0"]
[WhiteElo "2007"]
[BlackElo "1700"]
[PlyCount "47"]

1. d4 Nf6 2. c4 e6 3. Nf3 d5 4. Bg5 Nbd7 5. e3 b6 6. cxd5 exd5 7. Bb5 Bb7 8.
Ne5 Qc8 9. Bxf6 c6 10. Qh5 Bb4+ 11. Kd1 g6 12. Qf3 Nxe5 13. Bxe5 cxb5 14. Bxh8
Qc6 15. Nc3 Bxc3 16. bxc3 b4 17. Rc1 Ba6 18. c4 Bxc4 19. Kd2 Rc8 20. Qf6 Qa4
21. Qd6 Qxa2+ 22. Rc2 Qa5 23. Ra1 Qb5 24. Rxa7 1-0

[Event "?"]
[Site "?"]
[Date "2021.09.14"]
[Round "4"]
[White "Гухман, Сергей."]
[Black "Семены~~ев, Александр."]
[Result "1-0"]
[WhiteElo "1915"]
[BlackElo "2124"]
[PlyCount "155"]

1. Nf3 d5 2. g3 c5 3. Bg2 Nc6 4. d4 Nf6 5. O-O e6 6. c4 a6 7. cxd5 exd5 8. Nc3
Be7 9. dxc5 h6 10. Na4 Bf5 11. b3 Qa5 12. Bd2 Qb5 13. Rc1 Ne4 14. Nb6 Nxd2 15.
Nxa8 Nxf3+ 16. exf3 Qa5 17. Qxd5 Be6 18. b4 Bxd5 19. bxa5 O-O 20. Nb6 Be6 21.
f4 Nxa5 22. Rfe1 Bf6 23. Bd5 Bf5 24. Nc4 Nxc4 25. Rxc4 Rb8 26. Be4 Bd7 27. a4
b5 28. axb5 Bxb5 29. Rcc1 Rc8 30. c6 Rc7 31. Bf5 Kf8 32. Bd7 Be7 33. Re3 g5 34.
fxg5 hxg5 35. Rce1 Bb4 36. Re8+ Kg7 37. R1e5 f6 38. Rxb5 axb5 39. Rb8 Bd6 40.
Rxb5 Ra7 41. Rb7 Ra1+ 42. Kg2 Rc1 43. Bf5+ Kf8 44. Be4 Rc5 45. Rd7 Be5 46. Rd2
Rc4 47. f3 Bc7 48. Kh3 f5 49. Bxf5 Rxc6 50. Kg4 Bb6 51. Rd3 Rh6 52. h3 Rc6 53.
Kxg5 Bc5 54. g4 Be7+ 55. Kf4 Rh6 56. Kg3 Bh4+ 57. Kg2 Rb6 58. f4 Rb2+ 59. Kf3
Rf2+ 60. Ke4 Re2+ 61. Re3 Rb2 62. g5 Bf2 63. Rd3 Rb4+ 64. Kf3 Bb6 65. Kg4 Bc7
66. Rf3 Kg7 67. h4 Rb2 68. h5 Rg2+ 69. Rg3 Rf2 70. h6+ Kh8 71. Rf3 Rg2+ 72. Kh5
Rh2+ 73. Kg6 Rd2 74. Be6 Bxf4 75. Rxf4 Rf2 76. Kf5 Rd2 77. Kf6 Rd8 78. Rc4 1-0

[Event "?"]
[Site "?"]
[Date "2021.09.14"]
[Round "4"]
[White "Арутo^нова, o/oлия."]
[Black "Ильина, Лада."]
[Result "1-0"]
[WhiteElo "1771"]
[BlackElo "1889"]
[PlyCount "135"]

1. b3 d5 2. Bb2 e6 3. e3 Nf6 4. Nf3 c5 5. Bb5+ Bd7 6. Bxd7+ Nbxd7 7. O-O Be7 8.
d3 Qc7 9. c4 O-O 10. Nbd2 Ng4 11. h3 Nge5 12. Qc2 Bf6 13. cxd5 exd5 14. Nxe5
Bxe5 15. d4 cxd4 16. Qxc7 Bxc7 17. Bxd4 Be5 18. Nf3 f6 19. Rfd1 Bxd4 20. Nxd4
Nb6 21. Ne6 Rfc8 22. Nf4 Rc5 23. Rd2 g5 24. Ne6 Rc3 25. Rad1 Kf7 26. Nd4 a6 27.
Nc2 a5 28. Nd4 Rc5 29. Nf5 Ke6 30. g4 Ke5 31. Kg2 h5 32. Nd4 hxg4 33. hxg4 Rh8
34. Re1 Nd7 35. f4+ Kd6 36. Nf5+ Kc7 37. Red1 Nb6 38. Ng7 Rc3 39. fxg5 fxg5 40.
Re1 Rg8 41. Nf5 Rh8 42. Nd4 Kd7 43. Nf3 Kc6 44. Kg3 Rg8 45. Rh2 Nd7 46. Rh7 Nc5
47. Nd4+ Kb6 48. Rh6+ Ne6 49. Rxe6+ Kc5 50. Re7 Kb6 51. Re5 Kc5 52. Ne6+ Kd6
53. Rxg5 Rxg5 54. Nxg5 Ke5 55. Re2 b5 56. Kf3 a4 57. bxa4 bxa4 58. Nf7+ Kf6 59.
Nd6 Ke5 60. Nb5 Rc1 61. Rg2 Rf1+ 62. Ke2 Rb1 63. Nc3 Rb4 64. g5 a3 65. g6 Rb8
66. g7 Rg8 67. Kd3 Ke6 68. Kd4 1-0

[Event "?"]
[Site "?"]
[Date "2021.09.14"]
[Round "4"]
[White "Дон~~ев, Александр."]
[Black "Соломин, Максим."]
[Result "1-0"]
[WhiteElo "1000"]
[BlackElo "1916"]
[PlyCount "61"]

1. d4 Nf6 2. c4 c5 3. d5 e6 4. Nc3 exd5 5. cxd5 d6 6. Nf3 g6 7. g3 Bg7 8. Bg2
O-O 9. O-O a6 10. a4 Re8 11. Nd2 Nbd7 12. h3 Rb8 13. Nc4 Ne5 14. Na3 b6 15. f4
Ned7 16. e4 Qc7 17. Qd3 h6 18. Kh2 Nh7 19. Bd2 g5 20. Rae1 Ndf8 21. e5 dxe5 22.
d6 Qd7 23. fxe5 Ng6 24. e6 Rxe6 25. Rxe6 Qxe6 26. Nd5 Bd4 27. Bc3 Qxd6 28. Nc4
Qd7 29. Bxd4 cxd4 30. Qxd4 Qxa4 31. Rxf7 1-0

[Event "?"]
[Site "?"]
[Date "2021.09.14"]
[Round "4"]
[White "Абылкасымов, Кайратбек."]
[Black "Рататаев, Илья."]
[Result "1/2-1/2"]
[WhiteElo "1000"]
[BlackElo "1835"]
[PlyCount "57"]

1. e4 c5 2. Nf3 e6 3. c3 d5 4. exd5 exd5 5. d4 Nf6 6. Bb5+ Bd7 7. Bxd7+ Nbxd7
8. O-O Be7 9. dxc5 Nxc5 10. Nbd2 O-O 11. Nb3 Re8 12. Be3 b6 13. h3 a5 14. Nbd4
Qc8 15. a4 Nce4 16. Re1 Bc5 17. Qd3 Nd6 18. Nc2 Nc4 19. b3 Nxe3 20. Nxe3 Bxe3
21. Rxe3 Rxe3 22. Qxe3 Qc5 23. Nd4 Rc8 24. Rc1 h6 25. Qd3 Ne4 26. c4 Nd6 27.
Nb5 Nxb5 28. axb5 a4 29. bxa4 1/2-1/2

[Event "?"]
[Site "?"]
[Date "2021.09.14"]
[Round "4"]
[White "Ëo^цингер, Ирен."]
[Black "Камаев, Джабраил."]
[Result "1-0"]
[WhiteElo "1779"]
[BlackElo "1943"]
[PlyCount "105"]

1. e4 e5 2. Nc3 Nf6 3. f4 d5 4. fxe5 Nxe4 5. Qf3 Nxc3 6. dxc3 c6 7. Bf4 Qb6 8.
O-O-O Be6 9. Ne2 Na6 10. Nd4 Nc7 11. Bd3 Bc5 12. Nf5 Bxf5 13. Bxf5 O-O 14. Qg3
Ne6 15. Qh3 g6 16. Bxe6 fxe6 17. Qxe6+ Kh8 18. Bg3 Rae8 19. Qg4 Bf2 20. Kb1 Qc7
21. Rhf1 Bxg3 22. Rxf8+ Rxf8 23. Qxg3 Rf5 24. Re1 Kg8 25. a3 a6 26. Qh3 Qe7 27.
e6 Kg7 28. Qe3 c5 29. g4 Rf6 30. Qe5 h6 31. Qxd5 g5 32. h4 gxh4 33. g5 Rg6 34.
gxh6+ Kxh6 35. Qf5 Kg7 36. Ka1 Kh6 37. Qe5 Kh7 38. Kb1 b5 39. Ka1 Kg8 40. Qh5
Kg7 41. Qf5 Kh6 42. Qe5 Kh7 43. Kb1 Kg8 44. Qd5 Kg7 45. c4 h3 46. cxb5 axb5 47.
Qe5+ Kh7 48. Qh5+ Rh6 49. Qf5+ Kh8 50. Rg1 h2 51. Qe5+ Kh7 52. Qe4+ Kh8 53.
Qa8+ 1-0